| 000 | 00992nam a2200217Ia 4500 | ||
|---|---|---|---|
| 003 | Ost | ||
| 005 | 20260507075041.0 | ||
| 008 | 260507s9999||||xx |||||||||||||| ||und|| | ||
| 040 | _cfsecg | ||
| 041 | _aara | ||
| 082 | _a330 | ||
| 100 |
_aأبو قحف، عبد السلام _eمؤلف |
||
| 245 | 0 |
_aالعولمة وحاضنات الأعمال : _bحالات عملية وحلول مشكلات / _c عبد السلام أبو قحف |
|
| 260 |
_aالاسكندرية: _bمكتبة ومطبعة الإشعاع, _c2002 |
||
| 300 |
_a121 صفحة؛ _bإيضاحات ؛ _c24 سم |
||
| 520 | _aالعولمة والمسؤولية الكونية، العولمة:طفل الخطيئة، حاضنات الأعمال، نماذج مختلفة لحالات ومشكلات عملية وحلولها، أزمة(مأساة)تيلينول، شركة جونسون أند جونسون | ||
| 653 | _aالعولمة | ||
| 653 | _aاللقطاء | ||
| 653 | _aالمسؤولية | ||
| 942 | _cكتاب | ||
| 999 |
_c42515 _d42515 |
||